| 000 | 00436nam a2200181Ia 4500 | ||
|---|---|---|---|
| 008 | 240925s9999 xx 000 0 und d | ||
| 020 | _aNA | ||
| 082 | _a532 KAU | ||
| 100 | _aKaufmann, Walther | ||
| 245 | 0 | _aFluid Mechanics | |
| 250 | _aNA | ||
| 260 |
_aLondon: _bMcGraw-Hill _cNA |
||
| 300 |
_axxxv,1058p. _bNA _fOriginal |
||
| 500 | _aIncludes Index | ||
| 600 | _aHumanities & Natural Science | ||
| 650 | _aPhysics | ||
| 942 | _cBK | ||
| 999 |
_c3061 _d3061 |
||